| 000 | 00495nam a2200181 4500 | ||
|---|---|---|---|
| 005 | 20260413120408.0 | ||
| 010 | _aENG-148023 | ||
| 020 |
_a9788199222632 _c795.00 |
||
| 035 | _aEN-131555 | ||
| 037 | _bDBAD | ||
| 100 | _aSingh, Vandana | ||
| 245 | _aWomen in Panchayati Raj | ||
| 260 |
_aNew Delhi _bVandana Singh |
||
| 270 | _a111,Street No. 4, Harphool Vihar, Bapraula | ||
| 300 |
_a215Pg _c23cm(pb) |
||
| 700 |
_aVandana Singh _988870 |
||
| 942 |
_2ddc _cEN _h305.4 _mPro |
||
| 999 |
_c215865 _d215865 |
||